[Event "3rd Norway Chess 2015"]
[Site "Stavanger NOR"]
[Date "2015.06.18"]
[Round "3.2"]
[White "Vachier-Lagrave, Maxime"]
[Black "Topalov, Veselin"]
[Result "0-1"]
[WhiteElo "2723"]
[BlackElo "2798"]
[Annotator "Ramirez Alvarez,Alejandro"]
[PlyCount "56"]
[EventDate "2015.06.16"]
[SourceDate "2015.02.07"]

1. d4 Nf6 2. c4 e6 3. Nf3 d5 4. Nc3 c6 5. e3 {The Meran has been an
interesting battlefield for top players for many decades now. It is far from
being fully understood, as is clear in this game.} Nbd7 6. Bd3 dxc4 7. Bxc4 b5
8. Bd3 Bb7 9. O-O a6 10. e4 c5 11. d5 Qc7 12. dxe6 fxe6 13. Bc2 {This position
has been seen in thousands of games still.} Bd6 14. Ng5 Nf8 15. f4 O-O-O 16.
Qe1 {Qe2 and Qe1 are different variations, both have been seen many times.} e5
17. f5 $6 {From a practical perspective, even though this position has been
seen in dozens of games still, I cannot recommend closing the center. White
loses any chance for active play, his e4 pawn becomes a real target and it is
far easier to find moves and plans for Black than for White!} (17. Nd5 $5 Bxd5
18. exd5 exf4 19. Bd2 $1 {Is very unclear and has been seen in some old strong
games, such as Piket-Khalifman, 2000.}) 17... h6 18. Nf3 N8d7 19. Kh1 (19. Bd2
{seems more accurate, Kh1 was maybe unnecessary.}) 19... Rhe8 {Technically the
novelty of the game.} (19... Nb8 {was played in a strong correspondence game
between Knight-Loinjak, 2008.}) 20. Bd2 {Topalov criticized this plan after
the game, thinking that the idea to put the bishop on a5 was not good. I tend
to agree with him, but also fail to come up with a better idea.} (20. Be3 b4 {
leaves the e4 pawn undefended.}) (20. b3 {was probably ok, trying to prevent
c4 or b4 later, but after} Nb8 $1 {With the idea of Nc6-d4 Black seems to have
the edge.}) 20... Qc6 $1 {I like this move, putting further pressure on e4 and
disallowing any tricks on the a7-d8 diagonal.} 21. Rd1 Nb6 {Another strong
move. Black further controls d5, maybe threatens Nc4 and has the idea of
playing b4 in the near future now that White's knight cannot go to a4.} 22. Nd5
$2 {Perhaps based on a miscalculation, perhaps based on sheer panic of not
knowing what to do.} Nbxd5 23. exd5 Qd7 $1 {Not the only move for an advantage,
but definitely the most accurate. Black will take on d5 when he feels he is
ready, and for now prepares the advance of the e-pawn down the board.} 24. Ba5
e4 $1 25. Ng1 (25. Bxd8 exf3 {is completely winning as all of White's pieces
are hanging.}) 25... Bc7 {White isn't even down material yet, but d5 is very
lose and Black's strong pieces are better than MVL's. Another important factor
is the pressure generated by the e-pawn.} 26. d6 Bxa5 27. Qxa5 e3 $1 28. Ne2 $2
{Allowing Topalov to finish the game off quickly, but it was hopeless
regardless.} Qc6 {MVL simply threw in the towel, and it's impossible to blame
him.} (28... Qc6 29. Rf3 Rxd6 {and Black has every plus in this position.}) 0-1

[Event "3rd Norway Chess 2015"]
[Site "Stavanger NOR"]
[Date "2015.06.18"]
[Round "3.3"]
[White "Carlsen, Magnus"]
[Black "Giri, Anish"]
[Result "1/2-1/2"]
[WhiteElo "2876"]
[BlackElo "2773"]
[Annotator "Ramirez Alvarez,Alejandro"]
[PlyCount "152"]
[EventDate "2015.06.16"]
[SourceDate "2015.02.07"]

1. e4 c5 2. Nf3 d6 3. Bb5+ Nd7 4. c3 Ngf6 5. Qe2 a6 6. Ba4 b5 7. Bc2 e6 8. d4
Bb7 9. O-O Be7 10. Re1 O-O 11. Nbd2 cxd4 12. cxd4 Rc8 13. Nf1 Re8 14. Ng3 Bf8
15. Be3 Rc7 16. Bd3 e5 17. d5 Nc5 18. Bc2 b4 19. a3 b3 20. Bxc5 Rxc5 21. Bxb3
Qb6 22. Bc4 Rec8 23. Bd3 g6 24. Nf1 Bh6 25. Ne3 a5 26. b4 axb4 27. axb4 R5c7
28. b5 Qc5 29. h3 Nh5 30. Qb2 Qb6 31. Qb4 Bxe3 32. Rxe3 Rc3 33. Rae1 f5 $5 {
Giri had sacrificed a pawn on the queenside for some pressure, but Carlsen
slowly but surely pushed him back. Now the Dutch tries some kind of desperate
attempt to break through the center and create complications.} (33... Nf6 34.
g3 {and White will slowly but surely consolidate and use his pawn on the
queenside.}) 34. exf5 Nf4 35. Be4 $1 R3c5 36. fxg6 hxg6 37. Bxg6 $1 {A
brilliant sacrifice... even though the position remains very complicated!} (37.
Nh4 {was perhaps easier from a human point of view.}) 37... Rxb5 (37... Nxg6
38. Qg4 Kf7 39. Ng5+ {loses very quickly.}) 38. Qe4 $2 {Surprisingly, White
has no win after this move. Carlsen had to find one of most brilliant,
machine-like and unlikely moves I have seen.} (38. Bf7+ $3 {This idea did not
occur to any of us in the analysis room. Talking later to Kasparov about it,
before he knew the answer to the "puzzle", he only knew that Qe4 was incorrect
as Carlsen played it. Instantly he thought of 38.Bh7+, but that move fails to
the surprising 38...Kh8! And instantly he smiled, thought for a second, and
said. "Of course, 38.Bf7+!"} Kxf7 39. Qe4 {Black cannot prevent the threats of
Qf5+ and Ng5+, even then it is not obvious how the attack proceeds, but Black
simply cannot save himself. We will not overwhelm the readers with the
analysis and instead invite you to try out the different variations, with or
without your favorite engine!}) 38... Rf8 39. Nxe5 $6 {spectacular but
insufficient} (39. Nh4 $1 Bxd5 {and White is up a pawn, but the position is
not clear at all.}) 39... dxe5 40. Rg3 Rxd5 $1 {The only move to survive, and
Giri did it with confidence. Carlsen thought for a long time after this trying
to come up with some idea, but there simply is no win in this position any
more.} 41. Qb1 {Inviting simplifications.} Qxb1 42. Bxb1+ Kh8 43. Be4 Rd7 44.
Bxb7 Rxb7 45. Rxe5 Rh7 46. Re4 Rhf7 47. Kh2 Kh7 {A dead drawn position.
Carlsen got more chances than he deserved, but Giri never let go of the draw.}
48. Rf3 Kg6 49. h4 Nh5 50. Rxf7 Rxf7 51. Re2 Nf4 52. Rd2 Nh5 53. g3 Nf6 54. Kg2
Rd7 55. Ra2 Rd5 56. Ra4 Re5 57. g4 Re4 58. Rxe4 Nxe4 59. Kf3 Nd6 60. Kf4 Nf7
61. Ke4 Kf6 62. f4 Nd6+ 63. Kd5 Nb5 64. h5 Nc3+ 65. Kd4 Nb5+ 66. Kc4 Nd6+ 67.
Kc5 Ke6 68. Kc6 Nf7 69. Kc7 Nh6 70. g5 Nf7 71. g6 Nh6 72. Kd8 Kf5 73. Ke7 Kxf4
74. Kf8 Kg5 75. g7 Kxh5 76. g8=Q Nxg8 1/2-1/2

[Event "3rd Norway Chess 2015"]
[Site "Stavanger NOR"]
[Date "2015.06.18"]
[Round "3.4"]
[White "Aronian, Levon"]
[Black "Hammer, Jon Ludvig"]
[Result "1/2-1/2"]
[WhiteElo "2780"]
[BlackElo "2677"]
[PlyCount "114"]
[EventDate "2015.06.16"]
[SourceDate "2015.02.07"]

1. c4 e5 2. Nc3 Nf6 3. Nf3 Nc6 4. g3 d5 5. cxd5 Nxd5 6. Bg2 Nb6 7. O-O Be7 8.
a3 O-O 9. d3 Be6 10. Be3 Nd5 11. Bd2 f6 12. Qc2 Nb6 13. b4 Nd4 14. Nxd4 exd4
15. Na4 Bd5 16. Nxb6 cxb6 17. Bxd5+ Qxd5 18. Rfc1 Qd7 19. Qc7 Rad8 20. Rc2 Kf7
21. Rac1 g5 22. Qxd7 Rxd7 23. Rc7 Rfd8 24. g4 f5 25. h3 b5 26. Kg2 Ke6 27. Rxd7
Rxd7 28. Kf3 Kf6 29. Rg1 Bd8 30. Bc1 Kg6 31. gxf5+ Kxf5 32. Rg4 Bf6 33. Bb2 Rd8
34. Re4 h5 35. Kg3 Be5+ 36. Kg2 Bf6 37. Kf1 Rd7 38. Ke1 Rd8 39. Kd1 Rd7 40. Kc2
Rd8 41. Kb3 Kg6 42. f3 Kf5 43. a4 bxa4+ 44. Kxa4 a6 45. Kb3 b5 46. Kc2 Rc8+ 47.
Kd1 Rd8 48. Bc1 Ra8 49. Bd2 Rg8 50. Bc1 Ra8 51. Bb2 Rd8 52. Kc2 Rc8+ 53. Kd2
Rd8 54. Kd1 Rd6 55. Bc1 Rd8 56. Bb2 Rd6 57. Bc1 Rd8 1/2-1/2

[Event "3rd Norway Chess 2015"]
[Site "Stavanger NOR"]
[Date "2015.06.18"]
[Round "3.5"]
[White "Anand, Viswanathan"]
[Black "Grischuk, Alexander"]
[Result "1/2-1/2"]
[WhiteElo "2804"]
[BlackElo "2781"]
[PlyCount "81"]
[EventDate "2015.06.16"]
[SourceDate "2015.02.07"]

1. e4 c5 2. Nf3 Nc6 3. d4 cxd4 4. Nxd4 Nf6 5. Nc3 e5 6. Ndb5 d6 7. Bg5 a6 8.
Na3 b5 9. Nd5 Be7 10. Bxf6 Bxf6 11. c3 Bg5 12. Nc2 Rb8 13. a4 bxa4 14. Ncb4
Nxb4 15. cxb4 O-O 16. Rxa4 a5 17. h4 Bh6 18. b5 Bd7 19. Nc3 d5 20. exd5 Kh8 21.
Be2 f5 22. g3 Qb6 23. O-O Rbd8 24. Kg2 Bc8 25. f4 Rfe8 26. fxe5 Rxe5 27. Qd4
Qf6 28. Rc4 Bd7 29. Rf3 Bxb5 30. Nxb5 Rxe2+ 31. Kh3 Rxb2 32. Rc6 Qxd4 33. Nxd4
Rd2 34. Ne6 Re8 35. Rxf5 g6 36. Rf6 Kg8 37. d6 Bg7 38. Nxg7 Kxg7 39. Rf4 Kg8
40. Rc7 Rxd6 41. Rff7 1/2-1/2

[Event "3rd Norway Chess 2015"]
[Site "Stavanger NOR"]
[Date "2015.06.18"]
[Round "3.1"]
[White "Nakamura, Hikaru"]
[Black "Caruana, Fabiano"]
[Result "1-0"]
[WhiteElo "2802"]
[BlackElo "2805"]
[Annotator "Ramirez Alvarez,Alejandro"]
[PlyCount "111"]
[EventDate "2015.06.16"]
[SourceDate "2015.02.07"]

1. Nf3 Nf6 2. c4 c5 3. Nc3 Nc6 4. g3 d5 5. cxd5 Nxd5 6. Bg2 g6 7. O-O Bg7 8.
Nxd5 Qxd5 9. d3 O-O 10. Be3 Bd7 11. Nd4 Qd6 12. Nxc6 Bxc6 13. Bxc6 Qxc6 14. Rc1
Qa6 15. Qb3 b6 16. Rc4 Rfd8 17. Rfc1 Rd7 18. a3 Rad8 19. Rf4 Bf6 20. h4 Qb7 21.
Rc2 Qb8 22. Rf3 Rd5 23. Bg5 Qd6 24. Bxf6 exf6 25. Qa4 a5 26. Qf4 f5 27. Qxd6
R8xd6 28. Rf4 Rd4 29. Rxd4 Rxd4 30. Kg2 Kg7 31. Rc3 Kf6 32. e3 Rd6 33. Kf3 Ke5
34. a4 Kd5 35. Ke2 Rd7 36. Kd2 h6 37. Rc1 Kc6 38. Kc3 {The endgame here looks
to be about even. Perhaps White has the tiniest of pulls, but that must be the
extent of it.} b5 $2 {An inexplicable move, shattering his own pawn structure.
Still, with perfect play one would think Black should have no problems holding
a draw.} (38... Kd5 $11) 39. axb5+ Kxb5 40. b3 g5 $4 {But this move is
completely suicidal. The mistake is very hard to understand. Why does Black
shatter his own pawn structure and give White such a wonderful open file to
attack his pawns? It's a mistake that doesn't seem to be based on a
miscalculation... just an incomprehensible move!} 41. hxg5 hxg5 42. Rh1 Ra7 43.
Rh7 f4 44. gxf4 gxf4 45. e4 $1 {With this move White threats to wrap around
with Rh4 and take the f4 pawn for free. Caruana attempts some counterplay but
it falls way short.} a4 46. bxa4+ Rxa4 47. Rxf7 Ra3+ 48. Kd2 Ra2+ 49. Ke1 Ra3
50. Ke2 Ra2+ 51. Kf3 Rd2 52. Rd7 Kc6 53. Rd5 Kb6 54. e5 Kc6 55. Rd8 Kc7 56. Rd6
{1-0 (19) Nakamura,H (2802)-Caruana,F (2805) Stavanger NOR 2015 [Ramirez
Alvarez,Alejandro]} 1-0

[Event "3rd Norway Chess 2015"]
[Site "Stavanger NOR"]
[Date "2015.06.19"]
[Round "4.1"]
[White "Topalov, Veselin"]
[Black "Aronian, Levon"]
[Result "1-0"]
[WhiteElo "2798"]
[BlackElo "2780"]
[Annotator "Ramirez Alvarez,Alejandro"]
[PlyCount "115"]
[EventDate "2015.06.16"]
[SourceDate "2015.02.07"]

1. d4 Nf6 2. c4 e6 3. Nf3 d5 4. Nc3 Bb4 5. Bg5 h6 6. Bxf6 Qxf6 7. Qa4+ Nc6 8.
e3 O-O 9. Be2 dxc4 10. O-O Bd7 11. Bxc4 Bxc3 12. bxc3 Rfd8 13. Be2 Be8 14. Qa3
Qe7 15. Qb2 Na5 16. Qb4 Qxb4 17. cxb4 Nc6 18. Rab1 a5 19. bxa5 Nxa5 20. Rfc1
Rdc8 21. Ne1 Ra7 22. Nd3 Nc6 23. Bf3 Nd8 24. Nb4 Ra5 25. h4 Kf8 26. Rc3 c6 27.
Bd1 Ke7 28. Bb3 c5 29. Nd3 b6 30. dxc5 bxc5 31. f3 Rc7 32. e4 Nb7 33. Rbc1 Ba4
34. e5 Rc6 35. Kh2 Rb6 36. h5 Bxb3 37. axb3 Kd7 $2 {After playing a tough and
passive defense, Aronian seemed to be finally be heading towards a draw. The
position seems even as White can only win the c5 pawn by losing his own b3
pawn, but disaster strikes... out of nowhere!} (37... Rab5 38. Nxc5 Rxc5 39.
Rxc5 Nxc5 40. Rxc5 Rxb3 (40... Rb7 $1 {with good chances to hold the endgame.})
41. Rc7+ Ke8 42. Rc8+ Ke7 43. Rg8 $16) 38. b4 $1 {Strangely this pawn is
poisoned due to a mating attack.} cxb4 39. Rc8 {The immediate threat is R1c7
mate, not an easy move to parry!} Nd8 40. R1c7+ Ke8 41. Nc5 {This is the point
of Topalov's combination - which Aronian clearly missed. Rd7 is unstoppable
next move, creating a deadly Rxd8 mating threat. The Armenian gave up the
exchange and put up a valiant fight, but the material difference was too big.}
Rxc5 42. Rxc5 b3 43. Rc1 Kd7 44. R8c7+ Ke8 45. Rc8 Kd7 46. R8c3 Ke7 47. Rd3 Nb7
48. Rdc3 Nd8 49. f4 f6 50. Rc7+ Ke8 51. Rxg7 fxe5 52. Rcc7 Kf8 53. Rh7 Kg8 54.
Rcg7+ Kf8 55. Rd7 Kg8 56. Rxh6 Nf7 57. Rg6+ Kh8 58. Rf6 1-0

[Event "3rd Norway Chess 2015"]
[Site "Stavanger NOR"]
[Date "2015.06.19"]
[Round "4.2"]
[White "Giri, Anish"]
[Black "Nakamura, Hikaru"]
[Result "1/2-1/2"]
[WhiteElo "2773"]
[BlackElo "2802"]
[PlyCount "117"]
[EventDate "2015.06.16"]
[SourceDate "2015.02.07"]

1. e4 e5 2. Nf3 Nc6 3. Bb5 a6 4. Ba4 Nf6 5. O-O b5 6. Bb3 Bc5 7. c3 d6 8. a4
Rb8 9. d4 Bb6 10. Na3 O-O 11. axb5 axb5 12. Nxb5 Bg4 13. Bc2 exd4 14. cxd4 d5
15. e5 Ne4 16. Ra3 f6 17. exf6 Qxf6 18. Nc3 Bxf3 19. gxf3 Nxc3 20. bxc3 Qxf3
21. Qxf3 Rxf3 22. Kg2 Rbf8 23. Bb3 R3f5 24. Ra2 Na5 25. Bc2 R5f6 26. Bd3 Nb7
27. Re1 Rf3 28. Rd2 Ba5 29. Bb2 c5 30. Ba6 Nd6 31. dxc5 Ne4 32. Rxd5 Rxf2+ 33.
Kg1 Rxb2 34. Bc4 Kh8 35. Rxe4 Rc2 36. Rf5 Rd8 37. Rd5 Rf8 38. Bd3 Rxc3 39. Kg2
h6 40. Ra4 Bd8 41. Re4 Bf6 42. Re6 Kg8 43. c6 Rc8 44. Rdd6 Rc5 45. Ba6 Ra8 46.
Be2 Kf7 47. Re3 Ra2 48. Kh3 Rac2 49. Bf3 R2c3 50. Bd5+ Rxd5 51. Rxf6+ Kxf6 52.
Rxc3 Rd8 53. Kg4 Rc8 54. c7 Ke6 55. Kh5 Kd6 56. Rd3+ Ke6 57. Rc3 Kd6 58. Rd3+
Ke6 59. Rc3 1/2-1/2

[Event "3rd Norway Chess 2015"]
[Site "Stavanger NOR"]
[Date "2015.06.19"]
[Round "4.3"]
[White "Anand, Viswanathan"]
[Black "Carlsen, Magnus"]
[Result "1-0"]
[WhiteElo "2804"]
[BlackElo "2876"]
[Annotator "Ramirez Alvarez,Alejandro"]
[PlyCount "93"]
[EventDate "2015.06.16"]
[SourceDate "2015.02.07"]

1. e4 e5 2. Nf3 Nc6 3. Bb5 a6 4. Ba4 Nf6 5. O-O Be7 6. d3 d6 7. c3 O-O 8. Nbd2
Re8 9. Re1 b5 10. Bc2 Bf8 11. Nf1 g6 12. h3 Bb7 13. Ng3 Nb8 14. d4 {Notice
that White has wasted a tempo with d3-d4, but has recovered it by putting his
bishop on c2 without first stopping on b3. This direct transposition into the
Breyer System of the Closed Spanish cost the players 30 minutes on the clock.}
Nbd7 15. a4 c5 16. d5 c4 17. Bg5 Bg7 (17... h6 {is massively more popular, but
the idea of playing Bg7 without h6 has also been seen.}) 18. Qd2 {It's
difficult to kick out this bishop from g5 now, which is why most players
prefer to put the pawn on h6 before White can do this.} Rb8 {A novelty, and
not a very impressive one.} (18... Nc5 {was seen in the old game
Kuzmin-Spassky, 1973!}) 19. Nh2 $1 {A very classical idea. Anand swings the
knight to g4 to exploit the weakness of the dark squares around Black's king.}
Bc8 20. Ng4 {"I was kicking myself for not taking on b5 first!" was Anand's
reaction after the game. That being said, it is possible that there is no need
to take on b5 just yet.} (20. axb5 axb5 21. Ng4 $14) 20... Nc5 21. Nh6+ (21.
axb5 Bxg4 {is not clear as Black gets rid of a generally useless bishop for an
attacking knight.}) 21... Bxh6 (21... Kf8 22. Re3 {with Rf3 next move is too
dangerous. Black cannot afford to play like this, so he must give up the
bishop. Grischuk mentioned that something went wrong in Black's game if he was
forced to give up the darksquared bishop.}) 22. Bxh6 bxa4 {Black's counterplay
on the b-file is not terribly threatening. White has several ideas on how to
proceed, but Anand chooses a very direct and aggressive way - but first he
must close the hole on b2.} 23. Ra2 a3 24. bxa3 Nfd7 25. f4 {All-in. White
desires to attack on the kingside, specifically by launching his f-pawn
forward and backing it with his rooks on the f-file.} a5 $6 {Carlsen believes
he has some counterplay based on the activity of the bishop on a6 and the
weakness of d3, but this is not the case.} (25... exf4 26. Qxf4 Qf6 27. Qe3 Ne5
{is still a very complicated game.}) 26. Rf1 f6 {As Anand said after the game,
this is already a concession.} (26... exf4 27. Qxf4 Ne5 28. Bg5 {and it looks
very dangerous to be so weak on the darksquares, but Black's position already
looks to be bad.}) 27. f5 $1 {Excellent. This binds Black's pieces on the
kingside and White will transfer his queen to the g4 square.} Nd3 $1 {Trying
to create counterplay. Carlsen will be happy to give up this pawn if it means
that he will have play on the queenside and if it slows down the attack on the
kingside.} 28. Bxd3 cxd3 29. Qd1 $1 {A nice move, perfect in Anand's style.
The queen will swing over to g4 to put pressure on g6, not bothering to take
on d3 just yet.} Re7 30. Raf2 Rf7 31. Qxd3 (31. h4 {was more precise, and some
engiens give it as a decisive advantage already! However there is nothing
wrong with first taking the pawn.}) 31... Nc5 32. Qf3 Ba6 33. Qg4 $1 {An
important move. Now White does not slow down and the attack on the kingside
cannot be resisted. Black could try to move Bc8, pinning the f-pawn, but that
is just sad.} g5 34. h4 Bxf1 35. Rxf1 Qd7 {Anand was running low on time, so
he decides to take a very pragmatic route.} 36. hxg5 fxg5 37. Qh5 (37. Bxg5 {
was also good.}) 37... Kh8 38. f6 {Whtie will at the very least regain his
exchange with a bishop check on g7.} Rg8 39. Bg7+ Rfxg7 40. fxg7+ Qxg7 41. Nf5
$1 {After this Black's position is absolutely hopeless.} Qg6 {otherwise Nh6
followed by mate.} 42. Qxg6 Rxg6 (42... hxg6 43. Nxd6 {is kaput.}) 43. Ne7 Kg7
{desperation.} (43... Rh6 44. Rf8+ Kg7 45. Rc8 $1 Kf7 46. Nf5 Rg6 47. Nxd6+
Rxd6 48. Rxc5 {is a totally lost rook endgame.}) 44. Nxg6 Kxg6 45. Rf8 a4 (
45... Nxe4 46. Ra8 Nxc3 47. Rxa5 {is hopeless, Black cannot stop  the a-pawn
with just a knight.}) 46. c4 h5 (46... Nxe4 47. Ra8 Nc5 48. Kf2 {also wins
easily.}) 47. Kf2 (47. Kf2 Nxe4+ 48. Ke3 Nc5 49. Rd8 {and the d-pawn falls.})
1-0

[Event "3rd Norway Chess 2015"]
[Site "Stavanger NOR"]
[Date "2015.06.19"]
[Round "4.4"]
[White "Grischuk, Alexander"]
[Black "Hammer, Jon Ludvig"]
[Result "1-0"]
[WhiteElo "2781"]
[BlackElo "2677"]
[PlyCount "97"]
[EventDate "2015.06.16"]
[SourceDate "2015.02.07"]

1. c4 e5 2. g3 Nf6 3. Bg2 d5 4. cxd5 Nxd5 5. Nc3 Nb6 6. d3 Be7 7. Nh3 g5 8. Ng1
h5 9. h3 Nc6 10. Bxc6+ bxc6 11. Nf3 f6 12. Be3 Bxh3 13. Rxh3 g4 14. Rh1 gxf3
15. exf3 Bb4 16. Qb3 Nd5 17. Bd2 Bxc3 18. Bxc3 Nxc3 19. Qxc3 Qd5 20. Rc1 h4 21.
gxh4 O-O-O 22. Qxc6 Qxc6 23. Rxc6 Rxd3 24. Ke2 Rhd8 25. Rc2 R3d4 26. h5 R8d7
27. h6 Rh7 28. Rc6 Rd6 29. Rxd6 cxd6 30. f4 Kd7 31. fxe5 dxe5 32. f4 Ke6 33.
fxe5 fxe5 34. Ke3 Kf7 35. Ke4 Kg8 36. Kxe5 Rd7 37. Rg1+ Kh8 38. Rg7 Rd2 39. Rb7
a5 40. a4 Kg8 41. b3 Rh2 42. Rb6 Rd2 43. Rb5 Rd3 44. Ke4 Rh3 45. Kd4 Kh7 46.
Kc4 Rh4+ 47. Kc3 Rh3+ 48. Kb2 Kxh6 49. Rxa5 1-0

[Event "3rd Norway Chess 2015"]
[Site "Stavanger NOR"]
[Date "2015.06.19"]
[Round "4.5"]
[White "Caruana, Fabiano"]
[Black "Vachier-Lagrave, Maxime"]
[Result "1/2-1/2"]
[WhiteElo "2805"]
[BlackElo "2723"]
[PlyCount "84"]
[EventDate "2015.06.16"]
[SourceDate "2015.02.07"]

1. e4 c5 2. Nf3 d6 3. d4 cxd4 4. Nxd4 Nf6 5. Nc3 a6 6. h3 e5 7. Nde2 h5 8. g3
Be6 9. Bg2 b5 10. O-O Nbd7 11. Be3 Be7 12. Nd5 Nxd5 13. exd5 Bf5 14. f4 Qc8 15.
Rc1 O-O 16. b3 exf4 17. Bxf4 Qc5+ 18. Nd4 Bf6 19. Be3 Rfe8 20. Nxf5 Rxe3 21.
Kh1 Re5 22. c4 b4 23. Qxh5 g6 24. Qg4 Rxf5 25. Rxf5 Ne5 26. Rxe5 Bxe5 27. Rf1
Qd4 28. Qxd4 Bxd4 29. Bf3 Re8 30. Kg2 Re3 31. Rd1 Bc5 32. h4 Kg7 33. g4 Rc3 34.
Rd2 Be3 35. Re2 a5 36. Be4 Bd4 37. Bf3 Bf6 38. g5 Bd4 39. Be4 Be5 40. Bf3 Bd4
41. Be4 Be5 42. Bf3 Bd4 1/2-1/2